Music Quiz

Random Music Quiz

Gravity Lyrics by Coldplay Quiz Stats

 Plays Quiz not verified by Sporcle

Challenge
Share
Tweet
Embed
Score 0/179 Timer 10:00
0 Plays Today
Hint Answer % Correct
a
97.7%
a
97.7%
and
97.7%
a
97.7%
and
97.7%
and
97.7%
the
97.7%
and
97.7%
the
97.7%
and
97.7%
and
97.7%
the
97.7%
and
97.7%
the
97.7%
and
97.7%
the
97.7%
and
97.7%
and
97.7%
and
97.7%
and
97.7%
the
97.7%
and
97.7%
the
97.7%
and
97.7%
and
97.7%
the
97.7%
and
97.7%
the
97.7%
and
97.7%
the
97.7%
gravity
93.2%
gravity
93.2%
gravity
93.2%
gravity
93.2%
up
88.6%
up
88.6%
sky
88.6%
look
88.6%
up
88.6%
up
88.6%
sky
88.6%
I
86.4%
you
86.4%
you
86.4%
that
86.4%
I
86.4%
I
86.4%
I
86.4%
at
86.4%
I
86.4%
way
86.4%
that
86.4%
on
86.4%
you
86.4%
I
86.4%
at
86.4%
way
86.4%
that
86.4%
on
86.4%
on
86.4%
Hint Answer % Correct
you
86.4%
I
86.4%
I
86.4%
that
86.4%
I
86.4%
I
86.4%
I
86.4%
at
86.4%
I
86.4%
way
86.4%
that
86.4%
on
86.4%
you
86.4%
I
86.4%
at
86.4%
I
86.4%
way
86.4%
that
86.4%
on
86.4%
on
86.4%
on
86.4%
on
86.4%
on
86.4%
long
84.1%
time
84.1%
long
84.1%
long
84.1%
time
84.1%
can't
84.1%
stop
84.1%
long
84.1%
long
84.1%
time
84.1%
can
84.1%
can
84.1%
can't
84.1%
stop
84.1%
then
84.1%
me
84.1%
then
84.1%
stop
84.1%
can
84.1%
can
84.1%
can't
84.1%
then
84.1%
me
84.1%
then
84.1%
such
81.8%
such
81.8%
hear
81.8%
my
81.8%
heart
81.8%
beating
81.8%
hear
81.8%
sound
81.8%
now
81.8%
sun
81.8%
could
81.8%
see
81.8%
sun
81.8%
Hint Answer % Correct
it
81.8%
hear
81.8%
heart
81.8%
beating
81.8%
hear
81.8%
sound
81.8%
now
81.8%
sun
81.8%
could
81.8%
see
81.8%
sun
81.8%
baby
79.5%
it's
79.5%
been
79.5%
looked
79.5%
oh
79.5%
pulls
79.5%
looked
79.5%
saw
79.5%
everyone
79.5%
everyone
79.5%
baby
79.5%
looked
79.5%
oh
79.5%
pulls
79.5%
looked
79.5%
saw
79.5%
everyone
79.5%
everyone
79.5%
everyone
79.5%
everyone
79.5%
everyone
79.5%
coming
77.3%
thinking
77.3%
won't
77.3%
pushes
77.3%
feel
77.3%
thinking
77.3%
won't
77.3%
pushes
77.3%
running
75%
help
72.7%
help
72.7%
when
70.5%
turning
70.5%
down
70.5%
your
68.2%
your
68.2%
wheels
65.9%
seems
65.9%
come
65.9%
all
65.9%
let
63.6%
like
63.6%
around
63.6%
'cause
61.4%
troubles
56.8%
have
54.5%
but
54.5%

You're not logged in!

Compare scores with friends on all Sporcle quizzes.
OR
Log In

You Might Also Like...

Show Comments

Extras

Created Oct 16, 2017ReportNominate
Tags:coldplay

Top Quizzes Today


Score Distribution

Your Account Isn't Verified!

In order to create a playlist on Sporcle, you need to verify the email address you used during registration. Go to your Sporcle Settings to finish the process.

Report this User

Report this user for behavior that violates our Community Guidelines.

Details: